Number of rasas (Record no. 193107)

MARC details
000 -LEADER
fixed length control field 00393nam a2200157Ia 4500
008 - FIXED-LENGTH DATA ELEMENTS--GENERAL INFORMATION
fixed length control field 230917s9999||||xx |||||||||||||| ||und||
040 ## - CATALOGING SOURCE
-- 65765
Original cataloging agency VIVEKANANDA LIBRARY
041 ## - Language
-- English
082 ## - DDC NUMBER
Classification number 891.2109 R126N
100 ## - MAIN ENTRY--PERSONAL NAME
Personal name Raghavan, V
245 #0 - TITLE STATEMENT
Title Number of rasas
250 ## - EDITION STATEMENT
Edition statement 3rd ed.
260 ## - PUBLICATION, DISTRIBUTION, ETC. (IMPRINT)
Place of publication, distribution, etc Chennai
Name of publisher, distributor, etc Adyar Library and Research Centre
Date of publication, distribution, etc 1975
300 ## - PHYSICAL DESCRIPTION
Pages xxviii, 1975 p.
942 ## - ADDED ENTRY ELEMENTS (KOHA)
Koha item type Books
Holdings
Withdrawn status Lost status Damaged status Not for loan Location (home branch) Sublocation or collection (holding branch) Date acquired Koha issues (times borrowed) Koha full call number Accession No. Koha date last seen Koha item type
        VIVEKANANDA LIBRARY VIVEKANANDA LIBRARY 16/01/2003   891.2109 R126N 50644 17/09/2023 Books
        VIVEKANANDA LIBRARY VIVEKANANDA LIBRARY 16/01/2003   891.2109 R126N 71107 17/09/2023 Books
© Designed and Maintained by Vivekananda Library, MDU Rohtak